000 00554nam a2200205Ia 4500
001 15382
003 GE_BSU
008 181216s||||||||xx |||||||||||||| ||und||
040 _cGE_BSU
080 _a821.353.1-1
100 _aქუჩიშვილი,გიორგი
245 _aლექსები
245 _cრედ.რ.კერესელიძე
260 _aტფილისი
260 _bფედერაცია
260 _c1937
300 _a112გვ.17სმ.
653 _aლექსები
942 _cBK
999 _c48487
_d48487